Wiedźmin 4: Quiz - Statystyki

Ogólne statystyki
  • Ten quiz został rozwiązany 196 razy
  • Średni wynik to 6 z 10
Statystyki odpowiedzi
Zagadnienie Odpowiedź % Poprawnych
Kto będzie głównym bohaterem Wiedźmina 4? Ciri
99%
Miejsce akcji: Kovir
94%
Jak nazywa się koń? Kelpie
89%
Ostatnie zdanie wypowiedziane w zwiastunie: Nie ma tu żadnych bogów, tu są tylko potwory.
79%
W zwiastunie Wiedźmina 4 pojawił się potwór o nazwie Bauk
76%
Letnią stolicą Koviru jest: Pont Vanis
58%
Zimową stolicą Koviru jest: Lan Exeter
56%
Jak nazywa się wieś w zwiastunie? Burzyny
24%
Kiedy został wypuszczony zwiastun? 13 grudnia 2024
20%
W polskiej wersji językowej Wiedźmina 4 głos Ciri podkład Jagoda Jasnowska
17%
Nie znaleziono quizów pasujących do podanych kryteriów
Rozkład punktacji
Procent ludzi z każdym wynikiem
Percentyl według liczby udzielonych odpowiedzi
Twoja historia wyników
Nie rozwiązałeś tego quizu